000 00269nam a2200133Ia 4500
100 _aPhadke/Sneha
942 _cBK
654 _aProgramming
245 _aComputer Programming 1
260 _bTechnova
_c1998
082 _a5.1
_bPHA
546 _aENGLISH
999 _c29952
_d29952